000 00327nam a22001217a 4500
999 _c13464
_d13464
020 _a9780201544482
082 _a658.3
100 _aRobin Evenden ; Gordon Anderson
245 _aManagement Skills
_bMaking the Most of People
260 _aEngland
_bAddison-Wesley Publishers Ltd.
_c1992
300 _axv, 374 pages
942 _cBK